Olympique de Marseille All-Time Starting XI - Statistics

General Stats
  • This quiz has been taken 169 times
  • The average score is 6 of 13
Answer Stats
Position Player % Correct
GK (1992-95/2003-06) Fabien Barthez
92%
MF (1989-94) Didier Deschamps
81%
FW (1986-92) Jean-Pierre Papin
72%
DF (1990-94) Basile Boli
64%
DF (1992-93) Marcel Desailly
63%
12th player (2007-16/17-22) Steve Mandanda
53%
DF (1980-94) Éric Di Meco
47%
MF (1987-93) Abedi Pelé
39%
Coach (1991-93) Raymond Goethals
31%
FW (1966-67/69-74) Josip Skoblar
28%
FW (1950-58) Gunnar Andersson
27%
DF (1989-93) Manuel Amoros
19%
MF (1967-73) Joseph Bonnel
4%
No matching quizzes found
Score Distribution
Percent of People with Each Score
Percentile by Number Answered
Your Score History
You have not taken this quiz